An expository preacher's notebook. (Record no. 13691)

000 -LEADER
fixed length control field 00733nam a2200205 a 4500
001 - CONTROL NUMBER
control field :::00011514$&:&@@
003 - CONTROL NUMBER IDENTIFIER
control field OkBaRHE
005 - DATE AND TIME OF LATEST TRANSACTION
control field 20000607103409.0
008 - FIXED-LENGTH DATA ELEMENTS--GENERAL INFORMATION
fixed length control field s1960 j 000 0 eng u
040 ## - CATALOGING SOURCE
Transcribing agency
100 1# - MAIN ENTRY--PERSONAL NAME
Personal name Ford, D. W. Cleverley (Douglas William Cleverley).
245 13 - TITLE STATEMENT
Title An expository preacher's notebook.
260 ## - PUBLICATION, DISTRIBUTION, ETC. (IMPRINT)
Place of publication, distribution, etc New York, NY., :
Name of publisher, distributor, etc Harper and Brothers
Date of publication, distribution, etc c1960
300 ## - PHYSICAL DESCRIPTION
Extent 220 p. ;
Dimensions 22 cm.
650 ## - SUBJECT ADDED ENTRY--TOPICAL TERM
Topical term or geographic name as entry element Church of England
General subdivision Sermons
650 ## - SUBJECT ADDED ENTRY--TOPICAL TERM
Topical term or geographic name as entry element Sermons, English
942 ## - ADDED ENTRY ELEMENTS (KOHA)
Source of classification or shelving scheme
Koha item type Books
Copies
Copy number Full call number Permanent Location Damaged status Not for loan Date last seen Withdrawn status Date acquired Shelving location Price effective from Source of classification or shelving scheme Koha item type Lost status Barcode
1BX 5133 .F73E9RHEMA Bible Training College  2010-04-14 2010-04-14General Stacks2010-04-14 Books 11514
2BX 5133 .F73E9RHEMA Bible Training College  2010-04-14 2010-04-14General Stacks2010-04-14 Books 19748